000 00474cam a2200145 4500500
005 20260201011948.0
041 _afre
042 _adc
100 1 0 _aM’Bondjo, Maud
_eauthor
245 0 0 _aA’akuluujjusi, mère protectrice du peuple inuit
260 _c2026.
500 _a39
786 0 _nSciences Humaines | 385 | 1 | 2026-01-08 | p. 82-82 | 0996-6994
856 4 1 _uhttps://shs.cairn.info/magazine-sciences-humaines-2026-1-page-82?lang=fr&redirect-ssocas=7080
999 _c1638851
_d1638851